[Event "Pan American-ch School U11 12th"]
[Site "Callao"]
[Date "2023.10.20"]
[Round "8"]
[White "Vilca Contreras, Dante Ivan"]
[Black "Torrico Franco, Jose Alberto"]
[Result "1-0"]
[WhiteElo "1557"]
[BlackElo "1348"]
[PlyCount "55"]
[EventDate "2023.10.16"]
[EventType "swiss"]
[EventRounds "9"]
[EventCountry "PER"]
[SourceTitle "CB48_2023"]
[SourceDate "2023.11.29"]
[SourceVersion "1"]
[SourceVersionDate "2023.11.29"]
[SourceQuality "1"]

1. e4 e5 2. Nf3 Nc6 3. Bc4 Bc5 4. c3 Nf6 5. d4 exd4 6. e5 d5 7. Bb5 Ne4 8. cxd4 Bb6 9. Nc3 Nxc3 10. bxc3 0-0 11. 0-0 Bg4 12. h3 Bh5 13. Be3 f6 14. g4 Bg6 15. Bxc6 bxc6 16. exf6 Qxf6 17. Ne5 Rad8 18. Qd2 h6 19. Kh2 c5 20. g5 Qe6 21. gxh6 cxd4 22. cxd4 c5 23. hxg7 Rf5 24. Bg5 Re8 25. f4 cxd4 26. Rae1 Bc7 27. Ng4 Qd7 28. Nh6+ 1-0

[Event "Pan American-ch School U11 12th"]
[Site "Callao"]
[Date "2023.10.19"]
[Round "6"]
[White "Paredes Minaya, Crhistian Jesus"]
[Black "Torrico Franco, Jose Alberto"]
[Result "0-1"]
[WhiteElo "1250"]
[BlackElo "1348"]
[PlyCount "74"]
[EventDate "2023.10.16"]
[EventType "swiss"]
[EventRounds "9"]
[EventCountry "PER"]
[SourceTitle "CB48_2023"]
[SourceDate "2023.11.29"]
[SourceVersion "1"]
[SourceVersionDate "2023.11.29"]
[SourceQuality "1"]

1. e4 e5 2. Nf3 Nc6 3. Bb5 Nf6 4. 0-0 d6 5. Nc3 Be7 6. d3 Bd7 7. h3 0-0 8. Be3 a6 9. Ba4 Re8 10. Ne2 b5 11. Bb3 Na5 12. Ng3 c5 13. c3 Be6 14. Bc2 Nc6 15. d4 cxd4 16. cxd4 exd4 17. Nxd4 Nxd4 18. Qxd4 Rc8 19. Bb3 d5 20. e5 Bc5 21. Qf4 Nd7 22. Rad1 Nb6 23. Bxc5 Rxc5 24. Ne4 Rc7 25. Nd6 Rf8 26. Qd4 Nc4 27. Bxc4 dxc4 28. f4 f5 29. Qb6 Qb8 30. Qxa6 Qa7+ 31. Qxa7 Rxa7 32. a3 Rb8 33. Rf2 Rb6 34. Rc2 Raa6 35. Kf2 Ra7 36. Rdd2 h6 37. h4 Kh7 0-1

[Event "Pan American-ch School U11 12th"]
[Site "Callao"]
[Date "2023.10.18"]
[Round "5"]
[White "Torrico Franco, Jose Alberto"]
[Black "Ortega Rueda, Nicolas"]
[Result "1-0"]
[WhiteElo "1348"]
[BlackElo "1198"]
[PlyCount "62"]
[EventDate "2023.10.16"]
[EventType "swiss"]
[EventRounds "9"]
[EventCountry "PER"]
[SourceTitle "CB48_2023"]
[SourceDate "2023.11.29"]
[SourceVersion "1"]
[SourceVersionDate "2023.11.29"]
[SourceQuality "1"]

1. e4 e5 2. Nf3 Nc6 3. Bc4 Nf6 4. d4 exd4 5. 0-0 Bc5 6. Re1 0-0 7. Bg5 Be7 8. e5 Ne8 9. Bxe7 Qxe7 10. Nxd4 Qc5 11. Nxc6 dxc6 12. Bb3 Be6 13. Nc3 Bxb3 14. axb3 f6 15. e6 f5 16. Qe2 Nf6 17. Ra4 a6 18. Rc4 Qe7 19. Rf4 g6 20. h3 Nh5 21. Rd4 Rad8 22. Red1 Rxd4 23. Rxd4 Rd8 24. Rxd8+ Qxd8 25. e7 Qe8 26. Qe6+ Kg7 27. g4 Nf4 28. Qe5+ Kf7 29. Qxf4 Qxe7 30. gxf5 gxf5 31. Qxf5+ Kg7 1-0

[Event "Pan American-ch School U11 12th"]
[Site "Callao"]
[Date "2023.10.16"]
[Round "2"]
[White "Dongo Ccorahua, Leonardo Bruno"]
[Black "Torrico Franco, Jose Alberto"]
[Result "0-1"]
[WhiteElo "1115"]
[BlackElo "1348"]
[PlyCount "48"]
[EventDate "2023.10.16"]
[EventType "swiss"]
[EventRounds "9"]
[EventCountry "PER"]
[SourceTitle "CB48_2023"]
[SourceDate "2023.11.29"]
[SourceVersion "1"]
[SourceVersionDate "2023.11.29"]
[SourceQuality "1"]

1. e4 e5 2. Nf3 Nc6 3. Bc4 Bc5 4. d3 h6 5. Nc3 Nf6 6. Be3 Bb6 7. Nd5 0-0 8. Nxb6 axb6 9. a3 d6 10. Qd2 Kh7 11. 0-0-0 Be6 12. Bxe6 fxe6 13. h3 b5 14. b3 Rxa3 15. Kb2 Qa8 16. Ra1 b4 17. g4 Qa6 18. g5 Ra8 19. Rab1 Ra2+ 20. Kc1 Ra1 21. g6+ Kg8 22. c4 Rxb1+ 23. Kxb1 Qa1+ 24. Kc2 Ra2# 0-1